000
00194 a2200097 4500
001
18244
100
_a
P P
245
_a
Pakistan
260
_a
_b
Pakistan Publications
_c
090
_c
13538
_d
13538
942
_a
NUST-CAE
_c
M
_c
3934
999
_c
253317
_d
253317